00607nam a22001817a 4500003000900000008004100009040007100050082001600121100002000137245003000157260004200187300002900229505008600258650001400344650001700358650001300375700003700388AR-CdUCM190604b ||||| |||| 00| 0 spa d aMUNICIPALIDAD PROVINCIAL DEL CUSCOcBIBLIOTECA MUNICIPAL DEL CUSCO a070 / bM17 aMainar, Rafael  aEl arte del periodista /  aBarcelona : bManuales Soler,c1906. a217 páginas ; c17 cm. aContenido: Para empezar -- Ideas preliminares -- Fundación de un periódico... aEscritura aPeriódico  aSiglo XX aPrologo: Roig y Bergada, José